Tấm loÌ€ng nhaÌ€ giáo

Gorde:
Xehetasun bibliografikoak
Egile nagusia: NhiêÌ€u tác giả
Formatua: Liburua
Hizkuntza:Undetermined
Argitaratua: H. Giáo dục 2001
Gaiak:
Sarrera elektronikoa:http://lrc.tdmu.edu.vn/opac/search/detail.asp?aID=2&ID=7029
Etiketak: Etiketa erantsi
Etiketarik gabe, Izan zaitez lehena erregistro honi etiketa jartzen!
Thư viện lưu trữ: Trung tâm Học liệu Trường Đại học Thủ Dầu Một
LEADER 00632nam a2200193Ia 4500
001 TDMU_7029
008 210410s9999 xx 000 0 und d
082 |a 895.9221 
090 |b T126 
100 |a NhiêÌ€u tác giả 
245 0 |a Tấm loÌ€ng nhaÌ€ giáo 
245 0 |c NhiêÌ€u tác giả 
260 |a H. 
260 |b Giáo duÌ£c 
260 |c 2001 
300 |a 460tr 
650 |a Thơ; Tấm loÌ€ng nhaÌ€ giáo 
856 |u http://lrc.tdmu.edu.vn/opac/search/detail.asp?aID=2&ID=7029 
980 |a Trung tâm Học liệu Trường Đại học Thủ Dầu Một